<?xml version="1.0" encoding="UTF-8"?>
<record
    xmlns:xsi="http://www.w3.org/2001/XMLSchema-instance"
    xsi:schemaLocation="http://www.loc.gov/MARC21/slim http://www.loc.gov/standards/marcxml/schema/MARC21slim.xsd"
    xmlns="http://www.loc.gov/MARC21/slim">

  <leader>00484nam a2200169Ia 4500</leader>
  <controlfield tag="008">230718s9999    xx            000 0 und d</controlfield>
  <datafield tag="020" ind1=" " ind2=" ">
    <subfield code="a">9780766823655</subfield>
  </datafield>
  <datafield tag="041" ind1=" " ind2=" ">
    <subfield code="a">eng</subfield>
  </datafield>
  <datafield tag="082" ind1=" " ind2=" ">
    <subfield code="a">621.2</subfield>
    <subfield code="b">JOH</subfield>
  </datafield>
  <datafield tag="100" ind1=" " ind2=" ">
    <subfield code="a">Johnson J.L.</subfield>
    <subfield code="9">173753</subfield>
  </datafield>
  <datafield tag="245" ind1=" " ind2=" ">
    <subfield code="a">Introduction To Fluid Power</subfield>
  </datafield>
  <datafield tag="260" ind1=" " ind2=" ">
    <subfield code="c">2002</subfield>
    <subfield code="b">Delmar Ceneage Learning</subfield>
  </datafield>
  <datafield tag="300" ind1=" " ind2=" ">
    <subfield code="a">502</subfield>
    <subfield code="d">Ref 104 M (40124)</subfield>
  </datafield>
  <datafield tag="365" ind1=" " ind2=" ">
    <subfield code="c">Rs.</subfield>
    <subfield code="b">1266.00</subfield>
  </datafield>
  <datafield tag="700" ind1=" " ind2=" ">
    <subfield code="a">Johnson J.L.</subfield>
    <subfield code="9">173753</subfield>
  </datafield>
  <datafield tag="906" ind1=" " ind2=" ">
    <subfield code="d">O:0090513-Jul-2010B:236426-May-2010</subfield>
    <subfield code="c">MECH</subfield>
    <subfield code="b">253.2</subfield>
  </datafield>
  <datafield tag="999" ind1=" " ind2=" ">
    <subfield code="c">325181</subfield>
    <subfield code="d">325181</subfield>
  </datafield>
  <datafield tag="952" ind1=" " ind2=" ">
    <subfield code="0">0</subfield>
    <subfield code="1">0</subfield>
    <subfield code="2">ddc</subfield>
    <subfield code="4">0</subfield>
    <subfield code="7">0</subfield>
    <subfield code="a">CCEP</subfield>
    <subfield code="b">CCEP</subfield>
    <subfield code="d">2010-07-13</subfield>
    <subfield code="e">Om Book Stall</subfield>
    <subfield code="f">MECH</subfield>
    <subfield code="g">1012.80</subfield>
    <subfield code="i">2364</subfield>
    <subfield code="l">1</subfield>
    <subfield code="o">620.1'06 JOH</subfield>
    <subfield code="p">CCEP-BK-36388</subfield>
    <subfield code="r">2025-12-17 11:54:52</subfield>
    <subfield code="s">2025-08-04</subfield>
    <subfield code="t">253.2</subfield>
    <subfield code="v">1266.00</subfield>
    <subfield code="w">2010-05-26</subfield>
    <subfield code="y">BK</subfield>
    <subfield code="z">036388</subfield>
  </datafield>
</record>
